00615nam a2200193 a 45000010008000000030009000080050017000170070008000340080031000420200015000730400022000880820027001102450030001372460075001672600049002423000029002916500054003206500047003740000403DO-SdBNP20240624113240.00000403091125s20uu sp a 000 0 spa d a8497961625 aBPMSUbspacBPMSU 4aR372.2103 bM618p 22210aMi primer diccionario c 14aMi primer diccionario :b con màs de 1500 definiciones ilustradas... aBarcelona :b Ediciones Saldaña, c[199-?] a200 p. :bil. ;c27 cm.  4aEducación preescolar xDiccionarios infantiles. 4aEnciclopedias y diccionarios para niños.